[Event "11. Europa ch 2010 Femenino"]
[Site "Rijeka CRO"]
[Date "2010.03.08"]
[Round "3.45"]
[White "Fuchs, Judith"]
[Black "Vojinovic, Jovana"]
[Result "0-1"]
[WhiteElo "2222"]
[BlackElo "2296"]
[PlyCount "72"]
[EventDate "2010.03.06"]
[EventType "swiss"]
[EventRounds "11"]
[EventCountry "CRO"]
[Source "lmi"]
[SourceDate "2010.03.06"]

1. e4 e6 2. d4 d5 3. Nc3 Nf6 4. e5 Nfd7 5. f4 c5 6. Nf3 Nc6 7. Be3 a6 8. Qd2 b5
9. a3 g5 10. Ne2 g4 11. Nfg1 f6 12. f5 fxe5 13. fxe6 Nf6 14. dxe5 Ne4 15. Qd1
d4 16. Bf4 Bxe6 17. Ng3 Nxg3 18. hxg3 Qa5+ 19. Qd2 Qxd2+ 20. Kxd2 c4 21. Re1 h5
22. Ne2 Bg7 23. Bg5 Bxe5 24. Nf4 Bxf4+ 25. gxf4 Kf7 26. g3 Bd5 27. Rh2 Bf3 28.
a4 Bd5 29. b3 Rae8 30. Rhe2 Rxe2+ 31. Bxe2 c3+ 32. Kd1 bxa4 33. bxa4 Nb4 34.
Bf1 Rb8 35. f5 Bf3+ 36. Be2 Re8 0-1

[Event "11. Europa ch 2010 Femenino"]
[Site "Rijeka CRO"]
[Date "2010.03.08"]
[Round "3.46"]
[White "Kostiuk, Tatiana"]
[Black "Makropoulou, Marina"]
[Result "1-0"]
[WhiteElo "2294"]
[BlackElo "2225"]
[PlyCount "97"]
[EventDate "2010.03.06"]
[EventType "swiss"]
[EventRounds "11"]
[EventCountry "CRO"]
[Source "lmi"]
[SourceDate "2010.03.06"]

1. Nf3 Nf6 2. d4 e6 3. c4 b6 4. g3 Bb7 5. Bg2 Be7 6. O-O O-O 7. Nc3 Ne4 8. Bd2
f5 9. d5 Bf6 10. Rc1 Na6 11. Be1 Qe7 12. Nd4 Nd6 13. Ncb5 Bxd4 14. Qxd4 e5 15.
Qd1 Rf6 16. b4 Kh8 17. Nxd6 cxd6 18. e3 Rc8 19. Qa4 Rff8 20. Bd2 Ra8 21. Qb3
Rab8 22. Rfe1 Nc7 23. b5 a5 24. f4 Ne8 25. Bc3 Rc8 26. e4 exf4 27. exf5 Qg5 28.
Bd2 Qxf5 29. Bxf4 Qf6 30. Qe3 Rb8 31. Qxb6 Qb2 32. Qa7 Nf6 33. Bxd6 Ra8 34. Qb6
Rfe8 35. Qf2 Rxe1+ 36. Rxe1 Qc3 37. Be5 Qxc4 38. Bxf6 gxf6 39. Qxf6+ Kg8 40.
Qg5+ Kf8 41. Qf6+ Kg8 42. h4 Rf8 43. Qg5+ Kh8 44. Qe5+ Kg8 45. Re4 Qc1+ 46. Kh2
Qd1 47. Qg5+ Kh8 48. Re7 Qd4 49. Qh6 1-0

[Event "11. Europa ch 2010 Femenino"]
[Site "Rijeka CRO"]
[Date "2010.03.08"]
[Round "3.48"]
[White "Mamedjarova, Zeinab"]
[Black "Ziaziulkina, Nastassia"]
[Result "0-1"]
[WhiteElo "2289"]
[BlackElo "2188"]
[PlyCount "72"]
[EventDate "2010.03.06"]
[EventType "swiss"]
[EventRounds "11"]
[EventCountry "CRO"]
[Source "lmi"]
[SourceDate "2010.03.06"]

1. d4 Nf6 2. c4 e6 3. g3 d5 4. Bg2 dxc4 5. Qa4+ Bd7 6. Qxc4 Bc6 7. Nf3 Bd5 8.
Qd3 Be4 9. Qd1 c5 10. Nc3 Bc6 11. O-O Nbd7 12. Re1 cxd4 13. Nxd4 Bxg2 14. Kxg2
Bc5 15. e4 O-O 16. Be3 Rc8 17. Qe2 Bb4 18. Qc2 Ng4 19. Rad1 Nxe3+ 20. Rxe3 Qe7
21. Qb3 Ne5 22. Nd5 exd5 23. Nf5 Qf6 24. Qxb4 Rc4 25. Qxb7 dxe4 26. Nd6 Ng4 27.
Nxc4 Qxf2+ 28. Kh3 Nxe3 29. Nxe3 Qxe3 30. Rd7 Qe2 31. Re7 Qf1+ 32. Kh4 Qf2 33.
h3 Qf6+ 34. Kg4 h5+ 35. Kxh5 Qh6+ 36. Kg4 f5# 0-1

[Event "11. Europa ch 2010 Femenino"]
[Site "Rijeka CRO"]
[Date "2010.03.08"]
[Round "3.49"]
[White "Sandu, Mihaela"]
[Black "Kouvatsou, Maria"]
[Result "1/2-1/2"]
[WhiteElo "2278"]
[BlackElo "2161"]
[PlyCount "124"]
[EventDate "2010.03.06"]
[EventType "swiss"]
[EventRounds "11"]
[EventCountry "CRO"]
[Source "lmi"]
[SourceDate "2010.03.06"]

1. e4 e5 2. Nf3 Nf6 3. Nxe5 d6 4. Nf3 Nxe4 5. Nc3 Nxc3 6. dxc3 Be7 7. Bf4 Nd7
8. Qd2 Nc5 9. O-O-O O-O 10. h4 Re8 11. Bc4 Be6 12. Bxe6 Nxe6 13. Be3 Qd7 14.
Kb1 Qa4 15. Nd4 Nxd4 16. cxd4 c5 17. g4 c4 18. d5 Rec8 19. Bd4 b5 20. g5 b4 21.
c3 Rab8 22. h5 Rb5 23. cxb4 Rxd5 24. f4 a5 25. Qg2 Qc6 26. Rd2 axb4 27. g6 Bf8
28. gxh7+ Kxh7 29. Qe4+ f5 30. Qg2 Rxd4 31. Qxc6 Rxc6 32. Rxd4 Be7 33. Rc1 d5
34. Rxd5 c3 35. bxc3 bxc3 36. Kc2 Bf6 37. a4 Rc4 38. Rxf5 Rxa4 39. Kb3 Re4 40.
Rc2 Kh6 41. Rg2 Re1 42. Rc5 Rh1 43. Rg6+ Kh7 44. Rc7 Kg8 45. h6 Rxh6 46. Rxh6
gxh6 47. Kc2 h5 48. Kd3 h4 49. Ke4 Kf8 50. Kf3 Ke8 51. Ra7 Kd8 52. Ra2 Kc7 53.
Ke4 Kb6 54. Ra8 Kb5 55. Kd3 h3 56. Ra2 Kb4 57. Rh2 Kb3 58. Rxh3 c2 59. Kd2+ Kb2
60. Rh1 Be7 61. f5 Bb4+ 62. Kd3 c1=Q 1/2-1/2

[Event "11. Europa ch 2010 Femenino"]
[Site "Rijeka CRO"]
[Date "2010.03.08"]
[Round "3.50"]
[White "Kushka, Alena"]
[Black "Melnikova, Yana"]
[Result "0-1"]
[WhiteElo "2164"]
[BlackElo "2272"]
[PlyCount "64"]
[EventDate "2010.03.06"]
[EventType "swiss"]
[EventRounds "11"]
[EventCountry "CRO"]
[Source "lmi"]
[SourceDate "2010.03.06"]

1. d4 f5 2. Nc3 Nf6 3. Bg5 d5 4. f3 Nc6 5. e3 e6 6. a3 h6 7. Bxf6 Qxf6 8. Nh3
Bd7 9. Bd3 a6 10. O-O O-O-O 11. Qd2 g5 12. b4 Bg7 13. b5 axb5 14. Nxb5 e5 15.
c3 f4 16. Rfc1 Bxh3 17. gxh3 fxe3 18. Qxe3 Rhe8 19. dxe5 Rxe5 20. Qf2 Rf8 21.
Rf1 Qf4 22. Rad1 Re3 23. Be2 Rfe8 24. Rfe1 d4 25. c4 Ne7 26. c5 Nf5 27. a4 Nh4
28. a5 d3 29. a6 bxa6 30. Na7+ Kb7 31. Rxd3 Kxa7 32. c6 Bd4 0-1

[Event "11. Europa ch 2010 Femenino"]
[Site "Rijeka CRO"]
[Date "2010.03.08"]
[Round "3.51"]
[White "Semenova, Irina"]
[Black "Pavlidou, Ekaterini"]
[Result "0-1"]
[WhiteElo "2272"]
[BlackElo "2135"]
[PlyCount "94"]
[EventDate "2010.03.06"]
[EventType "swiss"]
[EventRounds "11"]
[EventCountry "CRO"]
[Source "lmi"]
[SourceDate "2010.03.06"]

1. e4 c5 2. Nf3 Nc6 3. d4 cxd4 4. Nxd4 Nf6 5. Nc3 e5 6. Ndb5 d6 7. Bg5 a6 8.
Na3 b5 9. Nd5 Be7 10. Bxf6 Bxf6 11. c3 Ne7 12. Nxe7 Bxe7 13. Nc2 Bb7 14. Bd3 d5
15. exd5 Qxd5 16. Ne3 Qc6 17. Qh5 e4 18. Bc2 g6 19. Qh6 O-O-O 20. O-O f5 21.
Rfd1 Bd6 22. a4 Rhe8 23. axb5 axb5 24. c4 f4 25. Nd5 Kb8 26. Bb3 e3 27. fxe3
fxe3 28. Qh4 e2 29. Re1 bxc4 30. Bxc4 Qc5+ 31. Kh1 Bxd5 32. Bxd5 Qxd5 33. Rxe2
Qh5 34. Qxh5 gxh5 35. Rae1 Rxe2 36. Rxe2 h4 37. Kg1 Bc5+ 38. Kf1 Rd1+ 39. Re1
Rxe1+ 40. Kxe1 Bg1 41. h3 Bd4 42. b3 Kb7 43. Ke2 Kc6 44. Kd3 Kd5 45. b4 Bg1 46.
Ke2 Ke4 47. Kf1 Bb6 0-1

[Event "11. Europa ch 2010 Femenino"]
[Site "Rijeka CRO"]
[Date "2010.03.08"]
[Round "3.52"]
[White "Berke, Ana"]
[Black "Mamedjarova, Turkan"]
[Result "0-1"]
[WhiteElo "2097"]
[BlackElo "2269"]
[PlyCount "124"]
[EventDate "2010.03.06"]
[EventType "swiss"]
[EventRounds "11"]
[EventCountry "CRO"]
[Source "lmi"]
[SourceDate "2010.03.06"]

1. e4 e5 2. Nf3 Nc6 3. Bc4 Bc5 4. c3 Nf6 5. d4 exd4 6. cxd4 Bb4+ 7. Nc3 d5 8.
exd5 Nxd5 9. O-O Bxc3 10. bxc3 O-O 11. Bg5 Qd6 12. Qd2 Nb6 13. Bb3 Na5 14. Bf4
Nxb3 15. axb3 Qd8 16. Rfe1 Bg4 17. Ne5 Be6 18. c4 c6 19. Re3 Re8 20. Rae1 a5
21. Rg3 f6 22. Bh6 Re7 23. Ng4 Bxg4 24. Rxg4 Rf7 25. Bf4 a4 26. c5 Nd5 27. bxa4
Rxa4 28. Bd6 f5 29. Rg3 Ra8 30. h3 Nf6 31. f3 Nd5 32. Re5 Qh4 33. Kh2 h6 34.
Qe1 Qd8 35. Re6 Kh7 36. Reg6 Qd7 37. Be5 Rg8 38. Qd2 f4 39. R3g4 Qf5 40. Qf2
Qb1 41. g3 Ne7 42. Re6 Qb3 43. Rxe7 Rxe7 44. gxf4 Qd3 45. Qh4 Re6 46. Qg3 Rg6
47. h4 Qf5 48. Qg2 h5 49. Rg5 Rxg5 50. fxg5 Ra8 51. Qe2 Ra3 52. Kg2 Rc3 53. Qe4
Qxe4 54. fxe4 Re3 55. Kf2 Rxe4 56. Kg3 Kg6 57. Kh3 Re3+ 58. Kg2 Re4 59. Kg3 Kf7
60. Kf3 Rxh4 61. Bf4 g6 62. Ke4 Ke6 0-1

[Event "11. Europa ch 2010 Femenino"]
[Site "Rijeka CRO"]
[Date "2010.03.08"]
[Round "3.54"]
[White "Boyarchenko, Marie"]
[Black "Vasilevich, Tatjana"]
[Result "0-1"]
[WhiteElo "2009"]
[BlackElo "2414"]
[PlyCount "76"]
[EventDate "2010.03.06"]
[EventType "swiss"]
[EventRounds "11"]
[EventCountry "CRO"]
[Source "lmi"]
[SourceDate "2010.03.06"]

1. e4 c5 2. b3 Nc6 3. Bb2 e5 4. Bc4 g6 5. Nc3 Bg7 6. Nge2 Nge7 7. O-O O-O 8. d3
d6 9. Qd2 Be6 10. f4 Qd7 11. Rae1 Rae8 12. Kh1 Kh8 13. Qc1 a6 14. a4 f5 15.
Bxe6 Qxe6 16. exf5 gxf5 17. Ng3 Qg6 18. Qd1 Nd4 19. Nce2 Nd5 20. Nxd4 cxd4 21.
Qf3 Ne3 22. Rf2 e4 23. dxe4 fxe4 24. Qh5 Ng4 25. Rff1 e3 26. Qxg6 hxg6 27. Ne2
Nf2+ 28. Kg1 Re4 29. g3 Rc8 30. Rc1 Rc6 31. Kg2 d5 32. Kf3 Kg8 33. Ba1 Kf7 34.
Ng1 Bf6 35. Ke2 Rxc2+ 36. Kf3 d3 37. Bxf6 Rxc1 38. Rxc1 Kxf6 0-1

[Event "11. Europa ch 2010 Femenino"]
[Site "Rijeka CRO"]
[Date "2010.03.08"]
[Round "3.56"]
[White "Charkhalashvili, Inga"]
[Black "Kazimova, Narmin Nizami Qizi"]
[Result "1-0"]
[WhiteElo "2338"]
[BlackElo "2212"]
[PlyCount "91"]
[EventDate "2010.03.06"]
[EventType "swiss"]
[EventRounds "11"]
[EventCountry "CRO"]
[Source "lmi"]
[SourceDate "2010.03.06"]

1. d4 Nf6 2. c4 e6 3. Nf3 b6 4. g3 Bb7 5. Bg2 Be7 6. O-O O-O 7. Nc3 Ne4 8. Qc2
Nxc3 9. Qxc3 f5 10. Ne5 Bxg2 11. Kxg2 d6 12. Nf3 Nd7 13. Qe3 Rf6 14. Qd3 c5 15.
Bg5 Rf7 16. Bxe7 Qxe7 17. Rad1 Rd8 18. Kg1 Rff8 19. Qe3 h6 20. dxc5 bxc5 21.
Rd3 Nb8 22. Rfd1 Rd7 23. Qd2 Rfd8 24. a3 e5 25. Rd5 Nc6 26. b4 Nd4 27. Nxd4
cxd4 28. e3 dxe3 29. fxe3 Qg5 30. Kg2 Qg4 31. Qd3 f4 32. exf4 exf4 33. Qf3
Qxf3+ 34. Kxf3 fxg3 35. Kxg3 Kf7 36. c5 Ke6 37. c6 Rc7 38. b5 Rcc8 39. a4 Rc7
40. Kf3 Rf7+ 41. Ke4 g5 42. Re5+ dxe5 43. Rxd8 Rf4+ 44. Ke3 Rc4 45. a5 Rc5 46.
b6 1-0

[Event "11. Europa ch 2010 Femenino"]
[Site "Rijeka CRO"]
[Date "2010.03.08"]
[Round "3.58"]
[White "Paikidze, Nazi"]
[Black "Djukic, Sandra"]
[Result "1-0"]
[WhiteElo "2322"]
[BlackElo "2214"]
[PlyCount "91"]
[EventDate "2010.03.06"]
[EventType "swiss"]
[EventRounds "11"]
[EventCountry "CRO"]
[Source "lmi"]
[SourceDate "2010.03.06"]

1. d4 c5 2. d5 Nf6 3. Nf3 d6 4. c4 g6 5. Nc3 Bg7 6. e4 O-O 7. h3 e6 8. Bd3 exd5
9. exd5 Re8+ 10. Be3 Bh6 11. O-O Bxe3 12. fxe3 Qe7 13. e4 Kg7 14. Qd2 a6 15. a4
Nbd7 16. Rae1 Ne5 17. Nxe5 Qxe5 18. Qf2 Re7 19. Ne2 Bd7 20. Ng3 Rae8 21. Re3
Ng8 22. Rf3 f6 23. a5 Rf8 24. b4 cxb4 25. Rb1 Bc8 26. c5 Rc7 27. cxd6 Qxd6 28.
Qb6 Qxb6+ 29. axb6 Rc3 30. Rxb4 Bd7 31. Ne2 Rc5 32. Nd4 f5 33. Nb3 Rc3 34. Na5
Nf6 35. Nxb7 a5 36. Nxa5 fxe4 37. Bxe4 Rc1+ 38. Kh2 Re1 39. Bd3 Rb8 40. Nc6 Rb7
41. Ba6 Nxd5 42. Bxb7 Bxc6 43. Rbf4 Nxf4 44. Bxc6 Ne6 45. Bd5 Re5 46. b7 1-0

[Event "11. Europa ch 2010 Femenino"]
[Site "Rijeka CRO"]
[Date "2010.03.08"]
[Round "3.59"]
[White "Arabidze, Meri"]
[Black "Danelia, Mariam"]
[Result "1-0"]
[WhiteElo "2292"]
[BlackElo "2199"]
[PlyCount "77"]
[EventDate "2010.03.06"]
[EventType "swiss"]
[EventRounds "11"]
[EventCountry "CRO"]
[Source "lmi"]
[SourceDate "2010.03.06"]

1. d4 Nf6 2. c4 g6 3. g3 c6 4. Bg2 d5 5. cxd5 cxd5 6. Nc3 Bg7 7. Nf3 Nc6 8. O-O
Ne4 9. Bf4 Nxc3 10. bxc3 O-O 11. Re1 Na5 12. Nd2 Bf5 13. e4 dxe4 14. Nxe4 Rc8
15. Rc1 b6 16. Qe2 Qd7 17. h4 h6 18. Nd2 Rfe8 19. Be5 f6 20. Bf4 e5 21. Be3
exd4 22. cxd4 Rxc1 23. Rxc1 Be6 24. Qd3 f5 25. d5 Bf7 26. Bf4 Rc8 27. Rxc8+
Qxc8 28. d6 Qd7 29. Qc2 Kh7 30. Qc7 Be8 31. Bd5 Nc6 32. Bxc6 Qxc6 33. Be5 Bd7
34. Nc4 b5 35. Qd8 Be6 36. Bxg7 Kxg7 37. Qe7+ Bf7 38. d7 bxc4 39. d8=Q 1-0

[Event "11. Europa ch 2010 Femenino"]
[Site "Rijeka CRO"]
[Date "2010.03.08"]
[Round "3.61"]
[White "Trofimova, Antonina"]
[Black "Sikorova, Olga"]
[Result "0-1"]
[WhiteElo "2182"]
[BlackElo "2256"]
[PlyCount "136"]
[EventDate "2010.03.06"]
[EventType "swiss"]
[EventRounds "11"]
[EventCountry "CRO"]
[Source "lmi"]
[SourceDate "2010.03.06"]

1. e4 e6 2. d3 c5 3. Nf3 Nc6 4. g3 d5 5. Nbd2 Nf6 6. Bg2 Be7 7. O-O O-O 8. Re1
b6 9. e5 Nd7 10. Nf1 Bb7 11. c3 Rc8 12. h4 Qc7 13. Bf4 Rfe8 14. N1h2 Nf8 15. h5
h6 16. Qd2 Nh7 17. Ng4 Bf8 18. Ngh2 Qd8 19. Bf1 b5 20. g4 Be7 21. d4 cxd4 22.
Nxd4 Nxd4 23. cxd4 Qb6 24. Bd3 Ng5 25. Bxg5 Bxg5 26. Qd1 Kf8 27. Nf3 Bf4 28.
Qb3 Bc6 29. Rad1 a5 30. Bb1 b4 31. Nh4 Bb5 32. Ng2 Bg5 33. f4 Bd8 34. Qe3 Ke7
35. g5 Kd7 36. g6 f6 37. exf6 Bxf6 38. f5 Rc4 39. fxe6+ Kd8 40. Qf3 Rxd4 41.
Rxd4 Qxd4+ 42. Kh1 Bc6 43. Qg3 Kc8 44. Rc1 Kb7 45. Qd6 Qb6 46. Bf5 Bxb2 47. Rc2
Bc3 48. Qf4 Qc5 49. Re2 a4 50. Bc2 Bb5 51. Rf2 Bf6 52. Qf5 Qc6 53. Nf4 Bc4 54.
Bb1 Bg5 55. Qf7+ Re7 56. Qf8 Bf6 57. Ng2 Qxe6 58. Bf5 Qc6 59. Bg4 b3 60. axb3
axb3 61. Bd1 b2 62. Bc2 Ba2 63. Bb1 Qc1+ 64. Kh2 Qc7+ 65. Kh1 Bxb1 66. Rxf6
gxf6 67. Qxf6 Re1+ 68. Nxe1 Be4+ 0-1

[Event "11. Europa ch 2010 Femenino"]
[Site "Rijeka CRO"]
[Date "2010.03.08"]
[Round "3.62"]
[White "Przezdziecka, Marta"]
[Black "Efroimski, Marsel"]
[Result "1-0"]
[WhiteElo "2254"]
[BlackElo "2178"]
[PlyCount "71"]
[EventDate "2010.03.06"]
[EventType "swiss"]
[EventRounds "11"]
[EventCountry "CRO"]
[Source "lmi"]
[SourceDate "2010.03.06"]

1. d4 Nf6 2. Nf3 g6 3. c4 Bg7 4. Nc3 d5 5. cxd5 Nxd5 6. e4 Nxc3 7. bxc3 c5 8.
Rb1 O-O 9. Be2 b6 10. O-O Bb7 11. Qd3 Qc7 12. d5 Nd7 13. c4 Rae8 14. Rd1 Ne5
15. Nxe5 Bxe5 16. Bh6 Bg7 17. Bxg7 Kxg7 18. Qc3+ f6 19. a4 Qe5 20. Qxe5 fxe5
21. a5 Rf6 22. Rd2 Rd8 23. Ra2 Rb8 24. axb6 Rxb6 25. Rb5 Rxb5 26. cxb5 Ra8 27.
h4 Kf6 28. Bc4 e6 29. dxe6 Bxe4 30. f3 Bb7 31. Rd2 Re8 32. Rd7 Re7 33. Rd8 Rc7
34. Kf2 Bc8 35. Rf8+ Kg7 36. e7 1-0

[Event "11. Europa ch 2010 Femenino"]
[Site "Rijeka CRO"]
[Date "2010.03.08"]
[Round "3.64"]
[White "Isgandarova, Khayala"]
[Black "Coimbra, Margarida"]
[Result "1/2-1/2"]
[WhiteElo "2224"]
[BlackElo "2123"]
[PlyCount "100"]
[EventDate "2010.03.06"]
[EventType "swiss"]
[EventRounds "11"]
[EventCountry "CRO"]
[Source "lmi"]
[SourceDate "2010.03.06"]

1. e4 e5 2. Nf3 Nc6 3. Bc4 Bc5 4. c3 Nf6 5. d3 d6 6. Bb3 a6 7. Nbd2 Ba7 8. h3
O-O 9. Nf1 d5 10. Qe2 dxe4 11. dxe4 Be6 12. Bc2 Qd6 13. Ng3 Ne7 14. O-O Ng6 15.
Nf5 Bxf5 16. exf5 Nf4 17. Qxe5 Qxe5 18. Nxe5 Ne2+ 19. Kh2 Nxc1 20. Raxc1 Rad8
21. Rcd1 Rxd1 22. Bxd1 Ne4 23. Re1 Nd6 24. Bb3 Bxf2 25. Re2 Ba7 26. Nd7 Re8 27.
Rxe8+ Nxe8 28. Kg3 Nd6 29. Kf4 Bg1 30. Ne5 Kf8 31. Nf3 Bf2 32. g4 Ke7 33. Ng5
h6 34. Nf3 g5+ 35. fxg6 fxg6 36. g5 Nf5 37. Bc2 Bg3+ 38. Ke4 hxg5 39. Nxg5 Kf6
40. Nh7+ Kg7 41. Ng5 Kf6 42. Nf3 g5 43. Nd4 Nxd4 44. Kxd4 Ke6 45. a4 a5 46. Kc5
b6+ 47. Kc6 Bd6 48. Bd1 Ke7 49. Kb5 Be5 50. Kc4 Kd6 1/2-1/2

[Event "11. Europa ch 2010 Femenino"]
[Site "Rijeka CRO"]
[Date "2010.03.08"]
[Round "3.65"]
[White "Cherednichenko, Elena"]
[Black "Shaidullina, Sandugach"]
[Result "1/2-1/2"]
[WhiteElo "2100"]
[BlackElo "2218"]
[PlyCount "72"]
[EventDate "2010.03.06"]
[EventType "swiss"]
[EventRounds "11"]
[EventCountry "CRO"]
[Source "lmi"]
[SourceDate "2010.03.06"]

1. d4 d5 2. Nf3 c6 3. e3 Bf5 4. c4 e6 5. Nc3 Nf6 6. Nh4 Be4 7. f3 Bg6 8. g3 Bh5
9. Bd2 Be7 10. Ng2 Bd6 11. Be2 Nbd7 12. Qb3 Qb8 13. O-O-O dxc4 14. Qxc4 O-O 15.
g4 b5 16. Qb3 Bg6 17. Nh4 a5 18. Nxg6 a4 19. Nxa4 hxg6 20. Nc3 b4 21. Ne4 Nxe4
22. fxe4 c5 23. Kb1 e5 24. Be1 Kh8 25. Rf1 Qa7 26. Rxf7 exd4 27. exd4 Rxf7 28.
Qxf7 Rf8 29. Qd5 Bf4 30. Rd3 Nf6 31. Rh3+ Bh6 32. Qxc5 Qa8 33. Qxb4 Re8 34. g5
Qxe4+ 35. Bd3 Qf4 36. Rxh6+ gxh6 1/2-1/2

[Event "11. Europa ch 2010 Femenino"]
[Site "Rijeka CRO"]
[Date "2010.03.08"]
[Round "3.67"]
[White "Kukic, Lora"]
[Black "Severiukhina, Zoja"]
[Result "0-1"]
[WhiteElo "1723"]
[BlackElo "2355"]
[PlyCount "78"]
[EventDate "2010.03.06"]
[EventType "swiss"]
[EventRounds "11"]
[EventCountry "CRO"]
[Source "lmi"]
[SourceDate "2010.03.06"]

1. d4 Nf6 2. Nf3 g6 3. c3 Bg7 4. Bg5 O-O 5. Nbd2 d5 6. e3 Nbd7 7. Bd3 c6 8. O-O
h6 9. Bh4 Ne8 10. e4 dxe4 11. Nxe4 f5 12. Ng3 Nd6 13. Re1 g5 14. Bxg5 hxg5 15.
Nxg5 Nf6 16. Nh5 Nxh5 17. Qxh5 Rf6 18. Qe2 e6 19. Bc4 Nxc4 20. Qxc4 Qd5 21. Qb4
Rg6 22. Qe7 Qd7 23. Qxd7 Bxd7 24. f4 c5 25. dxc5 e5 26. Rad1 Bc6 27. Rd6 Rxd6
28. cxd6 exf4 29. Re6 Bd5 30. Re2 Rd8 31. Ne6 Rxd6 32. Nxf4 Bxa2 33. Kf2 Kf7
34. h4 Bc4 35. Rc2 a5 36. Ke3 Bh6 37. Kf3 a4 38. h5 Bb3 39. Re2 Bd1 0-1

[Event "11. Europa ch 2010 Femenino"]
[Site "Rijeka CRO"]
[Date "2010.03.08"]
[Round "3.68"]
[White "Brunello, Roberta"]
[Black "Medic, Mirjana"]
[Result "1/2-1/2"]
[WhiteElo "2043"]
[BlackElo "2279"]
[PlyCount "124"]
[EventDate "2010.03.06"]
[EventType "swiss"]
[EventRounds "11"]
[EventCountry "CRO"]
[Source "lmi"]
[SourceDate "2010.03.06"]

1. e4 e6 2. d4 d5 3. e5 c5 4. c3 Qb6 5. Nf3 Bd7 6. a3 a5 7. Be2 Nc6 8. O-O Nh6
9. dxc5 Bxc5 10. Bxh6 gxh6 11. Qc1 Bf8 12. c4 dxc4 13. Nbd2 Nd4 14. Nxd4 Qxd4
15. Nxc4 Bc6 16. Rd1 Qh4 17. Qc3 Bc5 18. Nd6+ Bxd6 19. Rxd6 O-O 20. Rd4 Qe7 21.
Qh3 Kh8 22. Qxh6 Rg8 23. Rh4 Rxg2+ 24. Kf1 Rg7 25. Bd3 Qg5 26. Qxg5 Rxg5 27.
Bxh7 Kg7 28. f4 Rg2 29. Bd3 Rg8 30. Rd1 Kf8 31. Be2 Rg1+ 32. Kf2 R8g2+ 33. Ke3
Rxd1 34. Bxd1 Rxb2 35. Rh8+ Kg7 36. Rh3 Ra2 37. Kd4 Rd2+ 38. Rd3 Rxh2 39. Kc5
Kg6 40. Rd4 Kf5 41. Kd6 Rg2 42. Bh5 f6 43. Bf7 Bd5 44. Rxd5 exd5 45. e6 Re2 46.
e7 d4 47. e8=Q Rxe8 48. Bxe8 d3 49. a4 Kxf4 50. Bh5 f5 51. Ke6 d2 52. Bd1 Ke4
53. Bc2+ Kf4 54. Kf6 Ke3 55. Kxf5 Ke2 56. Ke6 d1=Q 57. Bxd1+ Kxd1 58. Kd5 Kc2
59. Kc4 Kb2 60. Kb5 Kb3 61. Kxa5 Ka3 62. Kb5 b6 1/2-1/2

[Event "11. Europa ch 2010 Femenino"]
[Site "Rijeka CRO"]
[Date "2010.03.08"]
[Round "3.69"]
[White "Kanceljak, Dalia"]
[Black "Nemcova, Katerina"]
[Result "1-0"]
[WhiteElo "1939"]
[BlackElo "2264"]
[PlyCount "75"]
[EventDate "2010.03.06"]
[EventType "swiss"]
[EventRounds "11"]
[EventCountry "CRO"]
[Source "lmi"]
[SourceDate "2010.03.06"]

1. e4 c5 2. Nf3 e6 3. d4 cxd4 4. Nxd4 a6 5. Nc3 Qc7 6. Be2 Nf6 7. O-O Nc6 8.
Be3 Be7 9. f4 d6 10. Qe1 O-O 11. Kh1 Bd7 12. Rd1 b5 13. a3 Nxd4 14. Bxd4 Bc6
15. e5 Nd7 16. Qg3 dxe5 17. fxe5 Rad8 18. Bd3 Bc5 19. Qh4 h6 20. Rde1 Qb7 21.
Rf2 Qa7 22. Rf4 Qa8 23. Qg3 Bxd4 24. Rxd4 Nc5 25. Rg4 Nxd3 26. cxd3 Kh8 27. Rf1
g6 28. Rh4 h5 29. Rf6 Kg7 30. Ne2 Rh8 31. Nf4 Rh6 32. Qg5 Rc8 33. Nxh5+ Rxh5
34. Rxh5 Bxg2+ 35. Kg1 Qa7+ 36. Rf2 Kg8 37. Rh4 Qc5 38. Qf6 1-0

[Event "11. Europa ch 2010 Femenino"]
[Site "Rijeka CRO"]
[Date "2010.03.08"]
[Round "3.70"]
[White "Haast, Anne"]
[Black "De Seroux, Camille"]
[Result "1-0"]
[WhiteElo "2235"]
[BlackElo "2019"]
[PlyCount "89"]
[EventDate "2010.03.06"]
[EventType "swiss"]
[EventRounds "11"]
[EventCountry "CRO"]
[Source "lmi"]
[SourceDate "2010.03.06"]

1. e4 c5 2. Nf3 d6 3. d4 cxd4 4. Nxd4 Nf6 5. Nc3 g6 6. Be3 Bg7 7. f3 O-O 8. Qd2
Nc6 9. O-O-O d5 10. exd5 Nxd5 11. Nxc6 bxc6 12. Bd4 Nxc3 13. Qxc3 Bh6+ 14. Be3
Bxe3+ 15. Qxe3 Qb6 16. Qc3 Be6 17. h4 Rfd8 18. Bd3 Rd5 19. h5 Rc5 20. Qd2 Rb8
21. b3 g5 22. f4 h6 23. fxg5 Rxg5 24. Rde1 Bd5 25. c4 Qc5 26. Re2 a5 27. Rhe1
Be6 28. Rf1 Qd6 29. Be4 Qa3+ 30. Qb2 Qc5 31. Bd3 a4 32. Kc2 Rxh5 33. Rxe6 Rg5
34. Re2 Rg3 35. Qe5 axb3+ 36. axb3 Qxe5 37. Rxe5 Rxg2+ 38. Re2 Rxe2+ 39. Bxe2
Kg7 40. Rf5 Ra8 41. Kb2 Rd8 42. Kc3 Rd6 43. b4 Kf8 44. c5 Rg6 45. Rxf7+ 1-0

[Event "11. Europa ch 2010 Femenino"]
[Site "Rijeka CRO"]
[Date "2010.03.08"]
[Round "3.71"]
[White "Tomulic, Vesna"]
[Black "Schut, Lisa"]
[Result "0-1"]
[WhiteElo "1930"]
[BlackElo "2224"]
[PlyCount "48"]
[EventDate "2010.03.06"]
[EventType "swiss"]
[EventRounds "11"]
[EventCountry "CRO"]
[Source "lmi"]
[SourceDate "2010.03.06"]

1. e4 c5 2. Nf3 d6 3. d4 cxd4 4. Nxd4 Nf6 5. Nc3 a6 6. a4 Nc6 7. Be3 e5 8. Nb3
Be6 9. Nd5 Bxd5 10. exd5 Ne7 11. c4 g6 12. Be2 Nf5 13. Bg5 Bg7 14. Bd3 Qd7 15.
Qf3 O-O 16. g4 e4 17. Qf4 exd3 18. gxf5 Rae8+ 19. Kd1 Re4 20. Qf3 Rxc4 21. Qxd3
Rxa4 22. Re1 Rxa1+ 23. Nxa1 Qa4+ 24. Nc2 Qg4+ 0-1

[Event "11. Europa ch 2010 Femenino"]
[Site "Rijeka CRO"]
[Date "2010.03.08"]
[Round "3.72"]
[White "Racki, Barbara"]
[Black "Umudova, Nargiz"]
[Result "0-1"]
[WhiteElo "1698"]
[BlackElo "2211"]
[PlyCount "74"]
[EventDate "2010.03.06"]
[EventType "swiss"]
[EventRounds "11"]
[EventCountry "CRO"]
[Source "lmi"]
[SourceDate "2010.03.06"]

1. e4 c5 2. Nf3 Nc6 3. c3 Nf6 4. e5 Nd5 5. d4 cxd4 6. Bc4 Nb6 7. Bb3 d5 8. cxd4
Bg4 9. Be3 e6 10. O-O f6 11. exf6 Qxf6 12. Nbd2 Bb4 13. h3 Bh5 14. g4 Bg6 15.
Bg5 Qf7 16. Ne5 Nxe5 17. dxe5 O-O 18. Qe2 h6 19. Be3 Bxd2 20. Bxd2 Qf3 21. Qxf3
Rxf3 22. Be3 Bd3 23. Rfd1 Be4 24. Kh2 Nd7 25. Bd4 Nxe5 26. Bxe5 Rxf2+ 27. Kg1
Rg2+ 28. Kf1 Rf8+ 29. Ke1 Bf3 30. Kf1 Be4+ 31. Ke1 Rf3 32. Bd4 Rxh3 33. Bf2
Rhh2 34. Ke2 Rxf2+ 35. Ke3 Kh7 36. Rac1 e5 37. Re1 Rf3# 0-1

[Event "11. Europa ch 2010 Femenino"]
[Site "Rijeka CRO"]
[Date "2010.03.08"]
[Round "3.73"]
[White "Bogumil, Tatiana"]
[Black "Yusuphanova, Saida"]
[Result "1-0"]
[WhiteElo "2201"]
[BlackElo "1843"]
[PlyCount "117"]
[EventDate "2010.03.06"]
[EventType "swiss"]
[EventRounds "11"]
[EventCountry "CRO"]
[Source "lmi"]
[SourceDate "2010.03.06"]

1. b3 c5 2. Bb2 Nc6 3. e3 d5 4. Bb5 Bd7 5. Nf3 e6 6. O-O Nf6 7. Bxc6 Bxc6 8.
Ne5 Be7 9. Nxc6 bxc6 10. d3 O-O 11. Nd2 Nd7 12. c4 Bf6 13. Qc2 Bxb2 14. Qxb2
Qf6 15. Qxf6 Nxf6 16. Rac1 d4 17. exd4 cxd4 18. c5 Nd7 19. f4 e5 20. f5 Rab8
21. Ne4 f6 22. Rc4 Rb5 23. g4 Rfb8 24. Rfc1 Ra5 25. R1c2 Rbb5 26. Kf2 Kf8 27.
Ke2 Ke7 28. Kd2 Rb8 29. Kc1 Rab5 30. Rb2 a5 31. Rbc2 Rh8 32. Rg2 g5 33. Kc2 Rb4
34. Rxb4 axb4 35. Kb2 h5 36. h3 hxg4 37. hxg4 Rh3 38. Rd2 Kd8 39. a4 bxa3+ 40.
Kxa3 Rh1 41. b4 Rh4 42. b5 cxb5 43. Kb4 Rxg4 44. Kxb5 Rg1 45. Kc6 Rf1 46. Kd6
Ra1 47. Rh2 Ke8 48. Rh7 Nxc5 49. Nxc5 Kf8 50. Nd7+ Kg8 51. Nxf6+ Kf8 52. Kxe5
Ra4 53. Nd5 g4 54. Rh4 Ra3 55. Nf4 g3 56. Rg4 Ra5+ 57. Ke4 Kf7 58. Rxg3 Kf6 59.
Rg6+ 1-0